TECHNICAL DRAWING FOR FASHION DESIGN (Record no. 13401)
[ view plain ]
| 000 -LEADER | |
|---|---|
| fixed length control field | 00279nam a22001217a 4500 |
| 003 - CONTROL NUMBER IDENTIFIER | |
| control field | SGT |
| 082 ## - DEWEY DECIMAL CLASSIFICATION NUMBER | |
| Classification number | 740 |
| Item number | SUH |
| 100 ## - MAIN ENTRY--PERSONAL NAME | |
| Personal name | SUHNEER, ALEANDRA |
| 245 ## - TITLE STATEMENT | |
| Title | TECHNICAL DRAWING FOR FASHION DESIGN |
| 260 ## - PUBLICATION, DISTRIBUTION, ETC. (IMPRINT) | |
| Name of publisher, distributor, etc | THE PEPIN PRESS SINGAPORE |
| Year of Publication | 2012 |
| 300 ## - PAGE DESCRIPTION | |
| No. of Pages | 207 |
| 942 ## - ADDED ENTRY ELEMENTS (KOHA) | |
| Source of classification or shelving scheme | Dewey Decimal Classification |
| Koha item type | Books |
| 942 ## - ADDED ENTRY ELEMENTS (KOHA) | |
| -- | 4 |
| Withdrawn status | Lost status | Source of classification or shelving scheme | Damaged status | Not for loan | Home library | Current library | Shelving location | Date acquired | Vendor Name | Cost, normal purchase price | SGTU | Bill Number | Total Checkouts | Full call number | Accession No. (Barcode) | Date last seen | Date last borrowed | Bill Date | Koha item type |
|---|---|---|---|---|---|---|---|---|---|---|---|---|---|---|---|---|---|---|---|
| Dewey Decimal Classification | SGT Science & Social Sciences Library | SGT Science & Social Sciences Library | Text Book | 16/09/2017 | SUMSAC INT. | 0.00 | SGTU | 02854 | 3 | 740 SUH | FF351 | 30/01/2026 | 26/08/2025 | Books | |||||
| Dewey Decimal Classification | SGT Science & Social Sciences Library | SGT Science & Social Sciences Library | Text Book | 16/09/2017 | SUMSAC INT. | 0.00 | SGTU | 02854 | 740 SUH | FF352 | 16/09/2017 | Books | |||||||
| Dewey Decimal Classification | SGT Science & Social Sciences Library | SGT Science & Social Sciences Library | Text Book | 16/09/2017 | SUMSAC INT. | 0.00 | SGTU | 02854 | 1 | 740 SUH | FF353 | 17/04/2019 | 08/04/2019 | Books | |||||
| Dewey Decimal Classification | SGT Science & Social Sciences Library | SGT Science & Social Sciences Library | Text Book | 16/09/2017 | SUMSAC INT. | 0.00 | SGTU | 02854 | 3 | 740 SUH | FF354 | 06/11/2024 | 23/10/2024 | Books | |||||
| Dewey Decimal Classification | SGT Science & Social Sciences Library | SGT Science & Social Sciences Library | Text Book | 16/09/2017 | SUMSAC INT. | 0.00 | SGTU | 02854 | 740 SUH | FF355 | 17/04/2019 | Books |